Score 0/20 Timer 05:00
6 Plays Today
% Correct
Apple
98.4%
Arrow
96.2%
Abdominals
94.3%
Alligator
94.1%
Anchor
92.6%
Astronaut
92.5%
Axe
92.2%
Anteater
91%
Asparagus
87.8%
Alien
86.8%
% Correct
Airplane
86.2%
Ashtray
84.8%
Anvil
80.1%
Armadillo
77.4%
Avocado
74.1%
Amplifier
72.9%
Artichoke
65.6%
Amber
57.9%
Aardvark
57.3%
Accordion
29.5%

You're not logged in!

Compare scores with friends on all Sporcle quizzes.
OR
Log In

Sporcle TV

Today on Sporcle TV


Watch our educational content, quiz creation guides, and fun videos on Sporcle TV.

Show Comments

Extras

Top Quizzes Today


Score Distribution

Your Account Isn't Verified!

In order to create a playlist on Sporcle, you need to verify the email address you used during registration. Go to your Sporcle Settings to finish the process.

Report this User

Report this user for behavior that violates our Community Guidelines.

Details: